México y la solidaridad americana (Record no. 96770)

MARC details
000 -LEADER
campo de control de longitud fija 00590nam a2200193 i 4500
001 - NÚMERO DE CONTROL
campo de control 96770
003 - IDENTIFICADOR DE NÚMERO DE CONTROL
campo de control ES-MaACL
005 - FECHA Y HORA DE LA ÚLTIMA TRANSACCIÓN
campo de control 20250818043013.0
007 - CAMPO FIJO DE DESCRIPCIÓN FÍSICA--INFORMACIÓN GENERAL
campo de control de longitud fija t|
008 - DATOS DE LONGITUD FIJA--INFORMACIÓN GENERAL
campo de control de longitud fija 050630q1917 sp ||||1| spa d
100 1# - ENTRADA PRINCIPAL--NOMBRE DE PERSONA
Nombre de persona Manero, Antonio.
9 (RLIN) 75983
245 10 - MENCIÓN DEL TÍTULO
Título México y la solidaridad americana
Resto del título : la doctrina de Carranza /
Mención de responsabilidad, etc. Antonio Manero.
260 ## - PUBLICACIÓN, DISTRIBUCIÓN, ETC.
Lugar de publicación, distribución, etc. Madrid :
Nombre del editor, distribuidor, etc. Juan Pueyo,
Fecha de publicación, distribución, etc. [1917?]
300 ## - DESCRIPCIÓN FÍSICA
Extensión XI, 243 p. ;
Dimensiones 19 cm.
600 14 - PUNTO DE ACCESO ADICIONAL DE MATERIA--NOMBRE DE PERSONA
Nombre de persona Carranza, Venustiano,
Fechas asociadas al nombre 1859-1920
9 (RLIN) 35508
651 #4 - PUNTO DE ACCESO ADICIONAL DE MATERIA--NOMBRE GEOGRÁFICO
Nombre geográfico México-
Subdivisión general Historia-
Subdivisión geográfica 1910-1946.
9 (RLIN) 9066
852 ## - LOCALIZACIÓN
Ubicación ES-MaACL
Número de control de estantería F-5611
Holdings
Estatus retirado Estado de pérdida Estado de daño No para préstamo Biblioteca de origen Biblioteca actual Ubicación en estantería Fecha de adquisición Fuente de adquisición Total de préstamos Signatura topográfica completa Código de barras Visto por última vez Precio de reemplazo Tipo de ítem Koha
        Biblioteca del Ateneo de Madrid Biblioteca del Ateneo de Madrid Depósito 2 17/01/2008     F-5611 1101028 23/02/2023 23/02/2023 Libro impreso